Guess the FC Barcelona player #5 - Statistics

General Stats
  • This quiz has been taken 22 times
  • The average score is 9 of 16
Answer Stats
Picture Answer % Correct
Gerard Piqué
100%
Andrés Iniesta
95%
Diego Maradona
95%
Zlatan Ibrahimović
95%
João Félix
90%
Iñigo Martínez
76%
Emerson Royal
57%
Gianluca Zambrotta
57%
Riqui Puig
57%
Eiður Guðjohnsen
38%
Alen Halilović
33%
Ibrahim Afellay
33%
Jordi Cruyff
33%
Alaksandr Hleb
29%
Sandro Ramírez
24%
Rüştü Reçber
14%
No matching quizzes found
Score Distribution
Percent of People with Each Score
Percentile by Number Answered
Your Score History
You have not taken this quiz